000 01127nam a22003257a 4500
003 CHAP
005 20220329134033.0
008 971013s1969 r 00010 d
010 _a14466
011 _a15438
035 _a19514
040 _cCHAP
090 _aTesis
100 0 0 _aHernández Jasso, Arturo.
_954186
245 _aEstudio de cruzas simples y de tres líneas en sorgo (Sorghum vulgare Pers.) para grano
260 _aMonterrey, N.L. :
_bEl Autor,
_c1969
300 _a78 h.
_b: gráfs.
502 _aTesis (M. en C. Esp. en Titomejoramiento) -- ITESM. Div.de Ciencias Agropecuaris y Marítimas. Esc. de Graduados
590 _aALEPH
_b10
_c20130110
_lUCH01
_h1236
590 _aBATCH-UPD
_b10
_c20130110
_lUCH01
_h0030
590 _aBATCH-UPD
_b10
_c20130110
_lUCH01
_h2314
590 _aBATCH-UPD
_b10
_c20130409
_lUCH01
_h2013
590 _aBATCH-UPD
_b10
_c20130410
_lUCH01
_h1605
590 _aBATCH-UPD
_b10
_c20130914
_lUCH01
_h1610
590 _aCONVERSION
_b10
_c20130109
_lUCH01
_h1309
650 1 4 _aSorgo
_xGenética.
_9108673
901 _aBK
942 _cTESIS
949 _bBC
_cTES
_d-45414
_eTS1
_i19514
_si
999 _c14466
_d14466